| 000 | 01219naa a22003377a 4500 | ||
|---|---|---|---|
| 001 | BR9400681 | ||
| 003 | BR-BrBNA | ||
| 005 | 20240918181142.0 | ||
| 007 | ta | ||
| 008 | 230509b bl.||||| |||| 00| 0 por d | ||
| 040 |
_aBR-BrBNA _bpor _cBiblioteca Nacional de Agricultura |
||
| 041 | _a(Pt) | ||
| 072 |
_aF01 _b1126 |
||
| 090 | _aF01 BR9400681 | ||
| 100 | 1 | _aBezerra, J.E.F. | |
| 100 | 1 | _aLederman, I.E. | |
| 100 | 1 | _aAguilar, J.A.E. | |
| 100 | 1 | _aReis, O.V. dos | |
| 111 | 1 |
_a5. Congresso Brasileiro de Fruticultura _cPelotas, RS (Brazil) _d7-14 Jan 1979 |
|
| 245 | 1 | _aInfluencia da idade de inducao do florescimento e do peso dos filhotes sobre a producao e qualidade do abacaxizeiro cayenne | |
| 260 | 3 |
_aPelotas, RS (Brasil): _c1979. |
|
| 500 | _aAnais do 5. Congresso Brasileiro de Fruticultura, v. 1 Pelotas, RS (Brasil): 1979. p. 327-338 (BR9400681-AM)F01 | ||
| 650 | _aAbacaxi | ||
| 650 | _aFloracao | ||
| 650 | _aInducao | ||
| 650 | _aEtapa de Desenvolvimento da Planta | ||
| 650 | _aPernambuco | ||
| 773 | 0 |
_tAnais do 5. Congresso Brasileiro de Fruticultura, v. 1 _wF01 BR9400681 _gPelotas, RS (Brasil), 1979. p. 327-338 |
|
| 909 |
_a202404 _bLucia _c55 _dLucia Elande |
||
| 942 |
_cAM _2AGRIS |
||
| 999 |
_c323830 _d323830 |
||